00547 a2200169 450000100060000002000160000604000240002210000210004624000700006724500650013730000070020236200090020965000310021894200070024995201040025699900170036069354 a857208455-X cAnchieta - Itaigara aSypriano, Lilian10aLiloca gatoca sumiu! Onde será que ela está? Você viu?lpor10aLiloca gatoca sumiu! Onde será que ela está? Você viu? a310 a2006 4aLiteratura infanto-juvenil cBK 00104070a88.1b88.1d2023-11-21l0o028.5 SYP LILp1574/ITAr2023-11-21 20:03:52w2023-11-21yBK c69354d69354